[Event "MNT-ch sf"]
[Site "Cetinje"]
[Date "2010.05.26"]
[Round "5"]
[White "Mrvaljevic, Veselin"]
[Black "Rovcanin, Zeljko"]
[Result "0-1"]
[WhiteElo "1993"]
[BlackElo "2190"]
[PlyCount "68"]
[EventDate "2010.05.24"]
[EventType "swiss"]
[EventRounds "9"]
[EventCountry "MNE"]
[SourceTitle "CBM 136 Extra"]
[Source "ChessBase"]
[SourceDate "2010.07.02"]
[SourceVersion "2"]
[SourceVersionDate "2010.07.15"]
[SourceQuality "1"]

1. e4 d6 2. d4 Nf6 3. f3 Nc6 4. Be3 a6 5. c4 g6 6. Nc3 Bg7 7. Qd2 0-0 8. 0-0-0 e5 9. d5 Nd4 10. Nge2 c5 11. dxc6 bxc6 12. Nxd4 exd4 13. Bxd4 Be6 14. Kb1 Rb8 15. Be3 d5 16. e5 Nd7 17. cxd5 cxd5 18. f4 f6 19. exf6 Nxf6 20. Bd4 Qa5 21. Ne4 Qa4 22. Nc5 Bf5+ 23. Ka1 Qc6 24. Bd3 Ne4 25. Bxe4 dxe4 26. Bxg7 Kxg7 27. Qd4+ Kh6 28. h3 Rfd8 29. Qc3 e3 30. g4 e2 31. Rc1 Qxh1 32. Rxh1 Rd1+ 33. Qc1 Rxc1+ 34. Rxc1 Rd8 0-1

[Event "Podgorica Buducnost op 4th"]
[Site "Podgorica"]
[Date "2009.12.14"]
[Round "7"]
[White "Dedic, Slavko"]
[Black "Mrvaljevic, Veselin"]
[Result "1/2-1/2"]
[WhiteElo "1975"]
[BlackElo "2008"]
[PlyCount "78"]
[EventDate "2009.12.10"]
[EventType "swiss"]
[EventRounds "7"]
[EventCountry "MNE"]
[SourceTitle "EXT 2019"]
[Source "ChessBase"]
[SourceDate "2018.10.10"]
[SourceVersion "1"]
[SourceVersionDate "2018.10.10"]
[SourceQuality "1"]

1. Nf3 Nf6 2. d4 d5 3. g3 c5 4. c3 Nc6 5. Bg2 Bf5 6. Nh4 e6 7. Nxf5 exf5 8. Bh3 cxd4 9. cxd4 g6 10. 0-0 Bg7 11. e3 0-0 12. Nc3 Re8 13. Qb3 Na5 14. Qa4 Rc8 15. Bg2 a6 16. Qd1 b5 17. Bd2 Nc4 18. b3 Nxd2 19. Qxd2 Ne4 20. Nxe4 fxe4 21. Rfc1 Qd7 22. Rxc8 Rxc8 23. Rc1 Bf8 24. Rc2 Kg7 25. Bf1 Bb4 26. Qc1 Ba3 27. Qd2 Rc7 28. Be2 Qc8 29. Bd1 a5 30. Qxa5 Rxc2 31. Bxc2 b4 32. Qc5 Qxc5 33. dxc5 Kf8 34. Bd1 Ke7 35. Be2 Bb2 36. Bb5 f5 37. Kg2 d4 38. exd4 Bxd4 39. c6 Kd6 1/2-1/2

[Event "Podgorica Buducnost op 4th"]
[Site "Podgorica"]
[Date "2009.12.13"]
[Round "6"]
[White "Mrvaljevic, Veselin"]
[Black "Lekic, Lazar"]
[Result "1/2-1/2"]
[WhiteElo "2008"]
[BlackElo "1780"]
[PlyCount "58"]
[EventDate "2009.12.10"]
[EventType "swiss"]
[EventRounds "7"]
[EventCountry "MNE"]
[SourceTitle "EXT 2019"]
[Source "ChessBase"]
[SourceDate "2018.10.10"]
[SourceVersion "1"]
[SourceVersionDate "2018.10.10"]
[SourceQuality "1"]

1. e4 c5 2. Nf3 e6 3. d4 cxd4 4. Nxd4 a6 5. Nc3 b5 6. a3 Bb7 7. Bd3 Qc7 8. 0-0 Nf6 9. Qe2 d6 10. Kh1 Be7 11. f4 Nbd7 12. Nf3 0-0 13. Be3 Rac8 14. Rae1 Nc5 15. Bd2 d5 16. exd5 Nxd3 17. Qxd3 Nxd5 18. f5 Nxc3 19. Bxc3 Qc4 20. fxe6 Qxd3 21. exf7+ Rxf7 22. cxd3 Bxa3 23. Ng5 Rxf1+ 24. Rxf1 Bd5 25. Re1 h6 26. bxa3 hxg5 27. Rc1 a5 28. Bd2 Rxc1+ 29. Bxc1 b4 1/2-1/2

[Event "Podgorica Buducnost op 4th"]
[Site "Podgorica"]
[Date "2009.12.12"]
[Round "4"]
[White "Rasovic, Uros"]
[Black "Mrvaljevic, Veselin"]
[Result "0-1"]
[WhiteElo "1914"]
[BlackElo "2008"]
[PlyCount "32"]
[EventDate "2009.12.10"]
[EventType "swiss"]
[EventRounds "7"]
[EventCountry "MNE"]
[SourceTitle "EXT 2019"]
[Source "ChessBase"]
[SourceDate "2018.10.10"]
[SourceVersion "1"]
[SourceVersionDate "2018.10.10"]
[SourceQuality "1"]

1. d4 d5 2. c4 c6 3. Nc3 Nf6 4. e3 e6 5. b3 a6 6. Nf3 Bb4 7. Bd2 Qa5 8. Qc2 b5 9. a3 Bb7 10. axb4 Qxa1+ 11. Nb1 Ne4 12. Bc1 a5 13. Bb2 Qa2 14. Ne5 a4 15. Nc3 axb3 16. Qc1 Nxc3 0-1

[Event "Cetinje Batricevic Memorial op"]
[Site "Cetinje"]
[Date "2009.08.17"]
[Round "9"]
[White "Shabhnaj, Lefter"]
[Black "Mrvaljevic, Veselin"]
[Result "0-1"]
[WhiteElo "1690"]
[BlackElo "2031"]
[PlyCount "96"]
[EventDate "2009.08.09"]
[EventType "swiss"]
[EventRounds "9"]
[EventCountry "MNE"]
[SourceTitle "CBM 131 Extra"]
[Source "ChessBase"]
[SourceDate "2009.09.03"]
[SourceVersion "2"]
[SourceVersionDate "2009.09.16"]
[SourceQuality "1"]

1. d4 Nf6 2. Nf3 g6 3. Bf4 Nh5 4. Bg5 h6 5. Bh4 g5 6. Bg3 Nxg3 7. hxg3 Bg7 8. e3 c5 9. c3 cxd4 10. exd4 Qb6 11. Qc2 d6 12. Nbd2 Nc6 13. 0-0-0 Qa5 14. Kb1 Be6 15. Nc4 Bxc4 16. Bxc4 d5 17. Bb3 Rc8 18. Qf5 e6 19. Rhe1 0-0 20. Qd3 b5 21. Bc2 Rfe8 22. Ne5 Nxe5 23. dxe5 b4 24. cxb4 Qxb4 25. Qd4 Rc4 26. Qxa7 Rb8 27. Bb3 Re4 28. Re3 Rxe5 29. Rde1 Qxe1+ 30. Rxe1 Rxe1+ 31. Kc2 Rc8+ 32. Kd2 Rb1 33. Ke2 Rxb2+ 34. Kf3 f5 35. g4 Rc3+ 36. Qe3 d4 37. Bxe6+ Kh8 38. gxf5 dxe3 39. fxe3 h5 40. g3 Bd4 41. Ke4 Bxe3 42. f6 h4 43. gxh4 gxh4 44. Kf5 h3 45. Kg6 Rg2+ 46. Kf5 h2 47. Bd5 h1Q 48. f7 Qh5+ 0-1

[Event "Bar op-B"]
[Site "Bar"]
[Date "2008.04.01"]
[Round "5"]
[White "Mrvaljevic, Veselin"]
[Black "Misovic, Sanja"]
[Result "1-0"]
[WhiteElo "2174"]
[BlackElo "1892"]
[PlyCount "81"]
[EventDate "2008.03.29"]
[EventType "swiss"]
[EventRounds "9"]
[EventCountry "YUG"]
[SourceTitle "CBM 123 Extra"]
[Source "ChessBase"]
[SourceDate "2008.05.06"]
[SourceVersion "1"]
[SourceVersionDate "2008.05.06"]
[SourceQuality "1"]

1. e4 c5 2. Nf3 e6 3. d4 cxd4 4. Nxd4 Nc6 5. Nc3 Qc7 6. Be2 a6 7. 0-0 Nf6 8. Be3 Bb4 9. Nxc6 bxc6 10. Na4 Rb8 11. Nc5 Bxc5 12. Bxc5 Nxe4 13. Ba3 c5 14. Bd3 Nf6 15. Qe2 a5 16. c4 a4 17. Rad1 0-0 18. h3 Bb7 19. Rd2 Qc6 20. f4 Rfc8 21. Re1 Ba8 22. Bc2 d5 23. f5 Re8 24. Qd1 Qb6 25. Bxa4 Red8 26. fxe6 fxe6 27. cxd5 exd5 28. Bc2 d4 29. Kh1 Kh8 30. Re5 Rbc8 31. Bf5 Rc7 32. Qe1 g6 33. Bb1 Rcc8 34. Rf2 Rf8 35. Re6 Qb7 36. Qe5 Rc6 37. Rfxf6 Kg8 38. Rxc6 Rxf6 39. Qxf6 Qxc6 40. Qxc6 Bxc6 41. Bxc5 1-0

[Event "MNT op 5th"]
[Site "Sozina"]
[Date "2004.02.24"]
[Round "7"]
[White "Mrvaljevic, Veselin"]
[Black "Todorovic, Ranko"]
[Result "1-0"]
[WhiteElo "2174"]
[BlackElo "2090"]
[PlyCount "58"]
[EventDate "2004.02.18"]
[EventType "swiss"]
[EventRounds "9"]
[EventCountry "MNE"]
[SourceTitle "CBM 098 Extra"]
[Source "ChessBase"]
[SourceDate "2004.03.10"]
[SourceVersion "2"]
[SourceVersionDate "2004.03.10"]
[SourceQuality "1"]

1. e4 d6 2. d4 Nf6 3. Bd3 Nc6 4. Nf3 e5 5. c3 Be7 6. d5 Nb8 7. c4 Nbd7 8. Nc3 Nc5 9. 0-0 Bg4 10. h3 Bh5 11. Be3 Bxf3 12. gxf3 Nxd3 13. Qxd3 Nh5 14. Ne2 Bg5 15. Kh2 Qf6 16. Bxg5 Qxg5 17. Rg1 Qf6 18. c5 0-0 19. b4 Qe7 20. c6 b6 21. b5 g6 22. Qd2 Qh4 23. Raf1 Kg7 24. Ng3 Qf4 25. Qc3 Kg8 26. Kh1 Qh4 27. Rg2 Qxh3+ 28. Kg1 Nf4 29. Rh2 Qxg3+ 1-0